Normal view
MARC view
Entry Topical Term
001 - CONTROL NUMBER
- control field: 66204
003 - CONTROL NUMBER IDENTIFIER
- control field: JO-AjAnu
005 - DATE AND TIME OF LATEST TRANSACTION
- control field: 20240917095932.0
008 - FIXED-LENGTH DATA ELEMENTS
- fixed length control field: 240917|| aca||babn | a|a d
040 ## - CATALOGING SOURCE
- Original cataloging agency: JO-AjAnu
150 ## - HEADING--TOPICAL TERM
- Form subdivision: الأردن-حقوق الانسان-التقرير السنوي العشرون-2023م